[Event "IECC Y2KO email"]
[Site "IECC email"]
[Date "1999.10.14"]
[Round "?"]
[White "De Leeuw, Dirk"]
[Black "Valiantangel, John"]
[Result "1/2-1/2"]
[WhiteElo "1967"]
[BlackElo "1440"]
[PlyCount "49"]
[EventDate "1999.??.??"]
[EventType "tourn (corr)"]
[EventRounds "2"]
[SourceTitle "Corr 2008"]
[Source "ChessBase"]
[SourceDate "2008.06.24"]
[SourceVersion "1"]
[SourceVersionDate "2008.06.24"]
[SourceQuality "1"]

1. d4 f5 2. g3 e6 3. Bg2 Nf6 4. c4 d5 5. Nf3 Nc6 6. Nc3 Ne4 7. 0-0 Bb4 8. Nxe4 fxe4 9. Bg5 Be7 10. Bxe7 Qxe7 11. Ne5 Nxe5 12. dxe5 c6 13. Rc1 0-0 14. Qd4 b6 15. cxd5 cxd5 16. Bh3 Bd7 17. Rc7 Rfc8 18. Rfc1 Rxc7 19. Rxc7 Qd8 20. Qc3 a5 21. Qc1 Rc8 22. Rxc8 Qxc8 23. Qg5 Qf8 24. Qe3 Qc5 25. Qf4 1/2-1/2

[Event "IECC Y2KO email"]
[Site "IECC email"]
[Date "1999.10.14"]
[Round "?"]
[White "Valiantangel, John"]
[Black "De Leeuw, Dirk"]
[Result "0-1"]
[WhiteElo "1455"]
[BlackElo "1952"]
[PlyCount "50"]
[EventDate "1999.??.??"]
[EventType "tourn (corr)"]
[EventRounds "2"]
[SourceTitle "Corr 2008"]
[Source "ChessBase"]
[SourceDate "2008.06.24"]
[SourceVersion "1"]
[SourceVersionDate "2008.06.24"]
[SourceQuality "1"]

1. f4 Nf6 2. e3 d5 3. Nf3 g6 4. Bb5+ c6 5. Be2 Bg7 6. 0-0 0-0 7. Nc3 Bg4 8. b3 Ne4 9. Bb2 Nxc3 10. Bxc3 Bxc3 11. dxc3 Nd7 12. Qd4 Re8 13. c4 e6 14. h3 Bxf3 15. Bxf3 e5 16. fxe5 Nxe5 17. cxd5 Nxf3+ 18. Rxf3 Qxd5 19. Qxd5 cxd5 20. Rd1 Rad8 21. g4 Kf8 22. g5 Rc8 23. Rf2 Re5 24. h4 Rc5 25. Rdf1 Rc7 0-1

[Event "IECC M email"]
[Site "IECC email"]
[Date "1999.09.07"]
[Round "?"]
[White "Valiantangel, John"]
[Black "Che Hassan, Nurul Atiqah"]
[Result "0-1"]
[WhiteElo "1467"]
[BlackElo "1285"]
[PlyCount "40"]
[EventDate "1999.??.??"]
[EventType "tourn (corr)"]
[EventRounds "6"]
[SourceTitle "Corr 2008"]
[Source "ChessBase"]
[SourceDate "2008.06.24"]
[SourceVersion "1"]
[SourceVersionDate "2008.06.24"]
[SourceQuality "1"]

1. f4 Nf6 2. Nf3 e6 3. e3 Be7 4. Be2 0-0 5. b3 Nc6 6. Bb2 a6 7. Ne5 Nxe5 8. fxe5 Nd5 9. 0-0 b5 10. a4 bxa4 11. Bc3 Bb7 12. Rxa4 Bc5 13. Bb2 Nb6 14. Rg4 Nd5 15. c4 Bxe3+ 16. Kh1 h5 17. Rg3 Bf4 18. Rh3 Qg5 19. cxd5 Bxd5 20. Rxh5 Qxg2# 0-1

[Event "IECC M email"]
[Site "IECC email"]
[Date "1999.05.01"]
[Round "?"]
[White "Valiantangel, John"]
[Black "Anderson, Jeff"]
[Result "1-0"]
[WhiteElo "1445"]
[BlackElo "1595"]
[PlyCount "35"]
[EventDate "1999.??.??"]
[EventType "tourn (corr)"]
[EventRounds "6"]
[SourceTitle "Corr 2008"]
[Source "ChessBase"]
[SourceDate "2008.06.24"]
[SourceVersion "1"]
[SourceVersionDate "2008.06.24"]
[SourceQuality "1"]

1. d4 Nf6 2. Nc3 d5 3. Nf3 Bf5 4. e3 e6 5. Bd3 c6 6. a3 Nbd7 7. Bxf5 exf5 8. 0-0 Bd6 9. Nh4 Qc7 10. Qd3 Bxh2+ 11. Kh1 h5 12. g3 Bxg3 13. fxg3 Qxg3 14. Nxf5 Qh3+ 15. Kg1 Rh6 16. Kf2 Rg6 17. Ke1 Ng4 18. e4 1-0